| 000 | 00562nam a2200181 i 4500 | ||
|---|---|---|---|
| 001 | 83933 | ||
| 003 | ES-MaACL | ||
| 005 | 20230906174922.0 | ||
| 007 | t| | ||
| 008 | 041118s1920 fr ||||1| fre d | ||
| 100 | 1 |
_aJagot, Paul-Clément. _9149426 |
|
| 245 | 1 | 0 |
_aMéthode Scientifique moderne de Magnétisme, Hypnotisme, Suggestion / _cPaul-Clement Jagot. |
| 260 |
_aParis : _bM. Drouin, _c[1920] ( _fHenri Richard) |
||
| 300 |
_a352 p., 20 lám. : _bil. ; _c23 cm. |
||
| 650 | 0 | 4 |
_aHipnosis. _913363 |
| 650 | 4 |
_aSugestión. _9149424 |
|
| 852 |
_aES-MaACL _jE-623 |
||
| 999 |
_c83933 _d83933 |
||